00222nam a2200097Ia 4500008004100000100001600041245001600057260002500073260000900098999001700107170620s9999 xx 000 0 und d aAvtar Singh 0aCompany Law bEastern Book Company c2001 c28574d28574